Entrepreneurial orientation within non-profit organizations: A key driver of social performance and resilience in times of crisis (notice n° 1826805)

détails MARC
000 -LEADER
fixed length control field 01528cam a2200157 4500500
005 - DATE AND TIME OF LATEST TRANSACTION
control field 20260329003705.0
041 ## - LANGUAGE CODE
Language code of text/sound track or separate title fre
042 ## - AUTHENTICATION CODE
Authentication code dc
100 10 - MAIN ENTRY--PERSONAL NAME
Personal name Ishac, Georges
Relator term author
245 00 - TITLE STATEMENT
Title Entrepreneurial orientation within non-profit organizations: A key driver of social performance and resilience in times of crisis
260 ## - PUBLICATION, DISTRIBUTION, ETC.
Date of publication, distribution, etc. 2026.<br/>
500 ## - GENERAL NOTE
General note 32
520 ## - SUMMARY, ETC.
Summary, etc. The aim of this research is to study the importance of entrepreneurial orientation (EO) in non-profit organizations. The framework relies on EO’s classical dimensions such as innovation, proactivity and risk-taking, while considering recent dimensions of social practices such as reciprocity, collaboration and socialness, and is enriched by the entrepreneurial attitude of leaders and the role of the environment. This research relies on a qualitative methodology that includes participant observations, data analysis and semi-structured interviews. The expected results show that EO is a strategic factor which enhances social performance and resilience within non-profit organizations. The study concludes with a suggested theoretical framework for EO in a social perspective by including the social dimensions and offers future perspectives to strengthen the analysis of entrepreneurship within a purely social context.
786 0# - DATA SOURCE ENTRY
Note Projectics / Proyéctica / Projectique | 43 | 1 | 2026-03-24 | p. 51-61 | 2031-9703
856 41 - ELECTRONIC LOCATION AND ACCESS
Uniform Resource Identifier <a href="https://shs.cairn.info/journal-projectics-proyectica-projectique-2026-1-page-51?lang=en&redirect-ssocas=7080">https://shs.cairn.info/journal-projectics-proyectica-projectique-2026-1-page-51?lang=en&redirect-ssocas=7080</a>

Pas d'exemplaire disponible.

PLUDOC

PLUDOC est la plateforme unique et centralisée de gestion des bibliothèques physiques et numériques de Guinée administré par le CEDUST. Elle est la plus grande base de données de ressources documentaires pour les Étudiants, Enseignants chercheurs et Chercheurs de Guinée.

Adresse

627 919 101/664 919 101

25 boulevard du commerce
Kaloum, Conakry, Guinée

Réseaux sociaux

Powered by Netsen Group @ 2025